Reestructuracion industrial y apertura hacia los mercados internacionales / (Registro nro. 5821)
[ vista simple ]
| 000 -LEADER | |
|---|---|
| fixed length control field | 01072nam a2200217Ia 4500 |
| 003 - CONTROL NUMBER IDENTIFIER | |
| control field | OSt |
| 005 - DATE AND TIME OF LATEST TRANSACTION | |
| control field | 20201214181509.0 |
| 008 - FIXED-LENGTH DATA ELEMENTS--GENERAL INFORMATION | |
| fixed length control field | 191128s1989 ck fr 100 0 spa d |
| 040 ## - CATALOGING SOURCE | |
| Original cataloging agency | CO-JMCR |
| Transcribing agency | CO-JMCR |
| 041 0# - LANGUAGE CODE | |
| Language code of text/sound track or separate title | spa |
| 082 04 - DEWEY DECIMAL CLASSIFICATION NUMBER | |
| Classification number | 338.01 / |
| Item number | F727r |
| Edition number | 23 |
| 111 2# - MAIN ENTRY--MEETING NAME | |
| Meeting name or jurisdiction name as entry element | Foro de reestructuración Industrial y apertura hacia los mercados internacionales |
| Date of meeting or treaty signing | (1989 : |
| Location of meeting | Cali) |
| 9 (RLIN) | 7056 |
| 245 10 - TITLE STATEMENT | |
| Title | Reestructuracion industrial y apertura hacia los mercados internacionales / |
| Statement of responsibility, etc. | memorias del foro realizado en conmemoración de los 30 años de Incolda |
| 260 ## - PUBLICATION, DISTRIBUTION, ETC. | |
| Place of publication, distribution, etc. | Cali : |
| Name of publisher, distributor, etc. | Incolda : Icesi, |
| Date of publication, distribution, etc. | 1989 |
| 300 ## - PHYSICAL DESCRIPTION | |
| Extent | 73 páginas ; |
| Dimensions | 23 cm. |
| 490 0# - SERIES STATEMENT | |
| Series statement | Monografías |
| 505 0# - FORMATTED CONTENTS NOTE | |
| Formatted contents note | Discursos del doctor Juan María Rendon G. -- Resolución No 2 de 1989 de la junta directiva de Incolda -- La integración al mundo -- Palabras de presentación del Señor Viceministro de Desarrollo doctor Jorge Rodriguez Mancera |
| 650 14 - SUBJECT ADDED ENTRY--TOPICAL TERM | |
| Topical term or geographic name entry element | Mercado de exportación |
| Form subdivision | Congresos, seminarios, etc. |
| 9 (RLIN) | 7057 |
| 650 14 - SUBJECT ADDED ENTRY--TOPICAL TERM | |
| Topical term or geographic name entry element | Reestructuración industrial |
| Form subdivision | Congresos, seminarios, etc. |
| 9 (RLIN) | 7058 |
| 942 ## - ADDED ENTRY ELEMENTS (KOHA) | |
| Source of classification or shelving scheme | Dewey Decimal Classification |
| Koha item type | Books |
| Withdrawn status | Lost status | Source of classification or shelving scheme | Damaged status | Not for loan | Collection code | Home library | Current library | Date acquired | Source of acquisition | Full call number | Barcode | Date last seen | Copy number | Koha item type |
|---|---|---|---|---|---|---|---|---|---|---|---|---|---|---|
| Dewey Decimal Classification | Non-fiction | Biblioteca Pública José María del Castillo y Rada | Biblioteca Pública José María del Castillo y Rada | 04/15/2018 | Donación | 338.01 / F727r | 430004806 | 05/16/2024 | Ej.1 | Books |